000 00526nam a2200205Ia 4500
003 OSt
005 20241107113924.0
008 210210b1945 xxu||||| |||| 00| 0 eng d
040 _cAL
041 _aKannada
082 _a858/46
100 _aGANDHIJI
_dಗಾಂಧೀಜಿ
_9184444
245 _aDaLapati javahara
_bದಳಪತಿ ಜವಾಹರ
260 _aBengaLUru
_b-
_c1945
650 _ajavahara
_9184445
650 _aDaLapati
_9184446
690 _aBiography
_9184447
906 _a020590
942 _2ddc
_cBK
999 _c144740
_d144740